000 00354pab a2200145 454500
008 180718b1995 xxu||||| |||| 00| 0 eng d
100 _aChandiramani, Nilima
245 _aBalance sheet of globalisation in India
260 _c1995
300 _ap.91-98
362 _aAnnual
650 _aEconomic development
773 _aMainstream
909 _a30110
999 _c30110
_d30110